| 000 | 02444cam a22003131i 4500 | ||
|---|---|---|---|
| 003 | SA-RiAUC | ||
| 005 | 20241119081954.0 | ||
| 008 | 241114s1990 le g 00000 ara c | ||
| 040 |
_aSA-RiKSU _bara _cSA-RiAUC _erda |
||
| 050 | 4 | _bB85 1990 | |
| 082 | 0 | 4 |
_a237.3 _qSA-RiAUC |
| 090 |
_a237.3 _bب خ ا |
||
| 100 | 1 |
_aالبخاري، محمد بن إسماعيل بن إبراهيم، _d194-256 هجري _eمؤلف. |
|
| 245 | 1 | 2 |
_aالأدب المفرد / _cمحمد بن إسماعيل بن إبراهيم البخاري ؛ تخريج محمد عبد القادر عطا. |
| 250 | _aالطبعة الأولى. | ||
| 264 | 1 |
_aبيروت : _bدار الكتب العلمية، _c1990 |
|
| 300 |
_a394 صفحة ؛ _c24 سم |
||
| 336 |
_aنص _btxt _2rdacontent _3كتاب |
||
| 337 |
_aبدون وسيط _bn _2rdamedia |
||
| 338 |
_aمجلد _bnc _2rdacarrier |
||
| 650 | 7 |
_aالحديث _xجوامع الفنون _2aucsh |
|
| 650 | 7 |
_aالآداب الإسلامية في الحديث _2aucsh |
|
| 650 | 7 |
_aالأخلاق الإسلامية في الحديث _2aucsh |
|
| 700 | 1 |
_aعطا، محمد عبد القادر أحمد _eمخرج أحاديث. |
|
| 856 |
_uhttp://www.alwaraq.net/Core/AlwaraqSrv/bookpage?book=305&option=1&fkey=2&page=1 _yDigital Copy _2 نرجو الانتباه لإمكانية وجود اختلاف في الطبعة أو الناشر بين البيانات على البوابة وما ستجده على الكتاب نظرا لمحدودية المعلومات المتاحة على الموقع الناشر للمادة. _3Please note that there may be a difference in the edition or publisher between the data on the portal and the book due to the limited information available on the publisher website for the material. |
||
| 856 |
_uhttp://www.alwaraq.net/Core/waraq/coverpage?bookid=305&option=1 _yExternal Link _2 نرجو الانتباه لإمكانية وجود اختلاف في الطبعة أو الناشر بين البيانات على البوابة وما ستجده على الكتاب نظرا لمحدودية المعلومات المتاحة على الموقع الناشر للمادة. _3Please note that there may be a difference in the edition or publisher between the data on the portal and the book due to the limited information available on the publisher website for the material. |
||
| 942 |
_2ddc _cBOOK _n0 |
||
| 949 |
_aSA-JeALM _d241114 _umohamedma123 _n1 |
||
| 999 |
_c2506 _d2506 |
||